Geography Quiz

Random Geography or Blitz Quiz

Secret Country XL Quiz Stats

 Plays Quiz not verified by Sporcle

Also try: Secret Country XLI
Challenge
Share
Tweet
Score 0/197 Timer 01:00
89 Plays Today
% Correct
???
88.2%
???
82.5%
???
80.1%
???
79.5%
???
79.2%
???
75.4%
???
73.5%
???
71.6%
???
70.2%
???
70.1%
???
68.7%
???
68.1%
???
68%
???
64.8%
???
64.6%
???
63.9%
???
63.5%
???
60.6%
???
60.5%
???
57.4%
???
57.3%
???
55.2%
???
54.6%
???
54%
???
53.5%
???
53.5%
???
53.2%
???
53%
???
52.8%
???
52.7%
???
51.5%
???
51.4%
???
50.4%
???
50.3%
???
49.8%
???
49.3%
???
48.1%
???
47.7%
???
47.7%
???
47%
???
47%
???
46.9%
???
46.8%
???
46.8%
???
46.8%
???
46.7%
???
46.7%
???
45.9%
???
45.8%
???
45.6%
???
45.6%
???
45.5%
???
45.4%
???
45.4%
???
45.4%
???
45.2%
???
45.2%
???
45.1%
???
45.1%
???
45%
???
45%
???
45%
???
45%
???
44.9%
???
44.9%
???
44.8%
% Correct
???
44.7%
???
44.7%
???
44.6%
???
44.6%
???
44.6%
???
44.5%
???
44.5%
???
44.5%
???
44.5%
???
44.5%
???
44.5%
???
44.5%
???
44.4%
???
44.4%
???
44.4%
???
44.4%
???
44.3%
???
44.3%
???
44.3%
???
44.3%
???
44.3%
???
44.3%
???
44.3%
???
44.3%
???
44.3%
???
44.3%
???
44.3%
???
44.2%
???
44.2%
???
44.2%
???
44.2%
???
44.2%
???
44.2%
???
44.2%
???
44.2%
???
44.2%
???
44.1%
???
44.1%
???
44.1%
???
44.1%
???
44.1%
???
44.1%
???
44.1%
???
44.1%
???
44.1%
???
44.1%
???
44.1%
???
44.1%
???
44.1%
???
44.1%
???
44.1%
???
44.1%
???
44.1%
???
44.1%
???
44%
???
44%
???
44%
???
44%
???
44%
???
44%
???
44%
???
44%
???
44%
???
44%
???
44%
???
44%
% Correct
???
44%
???
44%
???
44%
???
44%
???
44%
???
44%
???
44%
???
44%
???
44%
???
44%
???
44%
???
44%
???
44%
???
44%
???
44%
???
44%
???
44%
???
44%
???
44%
???
44%
???
44%
???
44%
???
44%
???
44%
???
44%
???
44%
???
44%
???
44%
???
44%
???
44%
???
44%
???
43.9%
???
44%
???
43.9%
???
44%
???
44%
???
43.9%
???
43.9%
???
43.9%
???
43.9%
???
43.9%
???
43.9%
???
43.9%
???
43.9%
???
43.9%
???
43.9%
???
43.9%
???
43.9%
???
43.9%
???
43.9%
???
43.9%
???
43.9%
???
43.9%
???
43.9%
???
43.9%
???
43.9%
???
43.9%
???
43.9%
???
43.9%
???
43.9%
???
43.9%
???
43.9%
???
43.9%
???
43.9%
???
43.9%

You're not logged in!

Compare scores with friends on all Sporcle quizzes.
OR
Log In

You Might Also Like...

Show Comments

Extras

Top Quizzes Today


Score Distribution

Your Account Isn't Verified!

In order to create a playlist on Sporcle, you need to verify the email address you used during registration. Go to your Sporcle Settings to finish the process.

Report this User

Report this user for behavior that violates our Community Guidelines.

Details: